000 00890nam a22002057a 4500
999 _c21026
_d21026
003 AR-CdUCM
008 190724b ||||| |||| 00| 0 spa d
040 _aMUNICIPALIDAD PROVINCIAL DEL CUSCO
_cBIBLIOTECA MUNICIPAL DEL CUSCO
082 _a333.95 /
_bK57
100 _aKirkby, Christopher
_943817
245 _aManual metodológico para el monitoreo ambiental y socioeconómico de la reserva de biosfera del Manu /
260 _aCusco :
_bPantigozo,
_c2004.
300 _a130 páginas ;
_bilustraciones ; gráficos ;
_c24 cm.
505 _aContenido : Métodos para el monitoreo de las condiciones ambientales --Métodos y protocolos para el monitoreo de las condiciones socioeconómicos -- Lista completa de los materiales requeridos.
650 _aMetodología
_92264
650 _aReserva del Manu
_943818
650 _aMedio ambiente
_97215
942 _2ddc
_cLIBROS
945 _azta